| 000 | 01079nmm a2200265 a 4500 | ||
|---|---|---|---|
| 003 | AR-BaBNM | ||
| 005 | 20251128205025.0 | ||
| 008 | 106019s1993 ||||||||||||||000 | spa|| | ||
| 040 | _cAR-BaBNM | ||
| 245 | 1 | 0 |
_aPrender para aprender _buso de la radio en la educación |
| 250 | _a1ª ed. | ||
| 260 |
_aQuito _bAsociación Latinoamericana de Educación Radiofónica [Quito] _c1993 |
||
| 300 | 0 | _a245 p. | |
| 500 | 1 | _aContiene experiencias de programas educativos radiofónicos en América Latina, presentadas en el seminario sobre "El uso de la radio en la satisfacción de necesidades básicas de aprendizaje" realizado en Quito en mayo de 1993 con el auspicio de REDUC y ALE | |
| 500 | 0 | _aREDUC: Red Latinoamericana de Información y Documentación de Educación | |
| 500 | 0 | _aALER :Asociación Latinoamericana de Educación Radiofónica | |
| 650 | 4 | _aRADIO EDUCATIVA | |
| 650 | 4 | _aPROGRAMAS RADIOFONICOS | |
| 650 | 4 | _aRADIO | |
| 650 | 4 | _aTECNICAS DE ENSENANZA | |
| 651 | 4 | _aAmérica Latina | |
| 653 | 0 | _aINNOVACIONES EDUCATIVAS | |
| 942 | _cBK | ||
| 998 | _csilvi | ||
| 999 |
_c9696 _d9696 |
||